Normal view
MARC view
- Tanveer, Abdullah
Entry Personal Name
001 - CONTROL NUMBER
- control field: 122758
003 - CONTROL NUMBER IDENTIFIER
- control field: NUST
005 - DATE AND TIME OF LATEST TRANSACTION
- control field: 20240521101718.0
008 - FIXED-LENGTH DATA ELEMENTS
- fixed length control field: 240521|| aca||aabn | a|a d
040 ## - CATALOGING SOURCE
- Original cataloging agency: NUST
- Transcribing agency: NUST
100 ## - HEADING--PERSONAL NAME
- Personal name: Tanveer, Abdullah
670 ## - SOURCE DATA FOUND
- Source citation: Work cat.: (NUST): Tanveer, Abdullah , Energy Harvesting by Bio-Inspired Inverted C- Cylinders /
